000 01273nam a22002897a 4500
003 OSt
005 20250414124604.0
008 200916s1984 ck ||||gr|||| 00| 0 spa d
020 _a8482806807
040 _aCO-JMCR
_cCO-JMCR
041 0 _aspa
082 0 4 _aA-N
_bFITm
_223
100 1 _aFitzgerald, Francis Scott K.,
_eautor
_910286
245 1 0 _aMaestros de la literatura universal :
_bnorteamericana 2 /
_cFrancis Scott K. Fitzgerald, Herry Miller, Carson McCullers ; traducciones, E. Piñas, Carlos Manzano, Juan Antonio Masoliver, [otros 2]
260 _aColombia :
_bOveja negra,
_c1984.
300 _a652 páginas ;
_c22 cm.
505 _tEl gran gatsby /
_rFrancis Scott K. Fitzgerald --
_tTropico de cancer /
_rHenry Miller --
_tLa balada del cafe triste /
_rCarson McCullers --
_tA sangre fria /
_rTruman Capote
650 2 4 _aLiteratura universal
_xNorteamericana
_910287
650 2 4 _aautores
_xNorteamericanos
_910288
650 2 4 _aHistoria y literatura
_xNorteamericana
_910289
700 1 _aMiller, Henry,
_eautor
_910290
700 1 _aMcCullers, Carson,
_eautor
_910291
700 1 _aE. Piñas
_etraductor
_910292
700 1 _aManzano, Carlos,
_etraductor
_910293
700 1 _aMasoliver, Juan Antonio,
_etraductor
_910294
942 _2ddc
_cBK
999 _c6852
_d6852